000
00292nam a22001217a 4500
082
_a
823
_b
BLY/S
100
_a
BLYTON ENID
245
_a
S.S - SECRET SEVEN ON TRAIL - 4
260
_a
UNITED KINGDOM
_b
GREEN KNIGHT
_c
1999
300
_a
128
650
_a
ENGLISH STORY
_z
UNITED KINGDOM
942
_c
BK
999
_c
7248
_d
7248